01434nam a2200421 i 450000100060000000300090000600500170001500800410003202000150007304000360008804600090012408000110013308000100014408000080015408000120016210000250017424500900019925000200028926000330030930000360034233600270037833700540040533800280045938000160048738000270050338500390053038800140056938800140058350400220059752101020061965000220072165000360074365500300077965800310080970000460084071000280088685600980091433927KOSZ 00520210112130250.0961010s1998 pl a f f |000 0 pol d a832134089X cKOSZ 005aKOSZ 005dKOSZ 005/HR k1998 a624.04 a539.3 a531 a(075.8)1 aPyrak, StefaneAutor10aMechanika konstrukcji :bprzykłady obliczeń /cStefan Pyrak, Kazimierz Szulborski. a[Wyd. 2 popr.]. aWarszawa :b"Arkady",c1998. a364 s. :brys., wykr. ;c24 cm. 2rdacontentaTekstbtxt 2rdamediaaBez urządzenia pośredniczącegobn 2rdacarrieraWoluminbnc aKsiążki aPublikacje dydaktyczne mPoziom nauczaniaaSzkoły wyższe a1901-2000 a1989-2000 aBibliogr. s. 364. aDla studentów wydz. architektury, architektów projektantów i studentów wydz. budowlanych. 7aMechanika budowli 7aNaprężenia i odkształcenia aPodręczniki akademickie aArchitektura i budownictwo1 aSzulborski, Kazimierzd(1940-2015)eAutor2 aWydawnictwo Arkady4pbl uhttp://koha.tu.koszalin.pl/cgi-bin/koha/opac-detail.pl?biblionumber=33927yKatalog online BPK